Wrestlers by Picture 32: Face-painted wrestlers - Statistics

General Stats
  • This quiz has been taken 62 times
    52 since last reset
  • The average score is 13 of 16
Answer Stats
Picture Answer % Correct
Sting
96%
Goldust
94%
The Ultimate Warrior
94%
Asuka
92%
Jeff Hardy
92%
Doink the Clown
85%
Darby Allin
79%
Demolition Ax
79%
Finn Balor
79%
Road Warrior Hawk
79%
Papa Shango
77%
Road Warrior Animal
75%
Demolition Smash
73%
Kamala
69%
The Great Muta
69%
Danhausen
60%
No matching quizzes found
Score Distribution
Percent of People with Each Score
Percentile by Number Answered
Your Score History
You have not taken this quiz since the last reset